00976nam a2200193Ia 4500999001500000003000900015005001700024008004100041040002800082090002000110110006300130245011300193260009600306300004500402650002700447942001200474952014800486952014800634 c2757d2757DO-SdBJH20180418012540.0180414s9999 dr 000 0 spa d aDO-SdBJHbspacDO-SdBJH aDM FB 030 1994 aEscuela de comando y estado mayor del Ejército de EE.UU.10aFB 030 Principios de las operaciones tácticas / Instituto de Cooperación para la Seguridad Hemisférica aFort Leavenworth, Kansas : Escuela de comando y estado mayor del Ejército de EE.UU., 1994 aiv, 521 páginas en varias paginaciones 4aOperaciones tácticas 2ddccBK 00102ddc40708DMaBEGEMbBEGEMcGENd2018-04-14i18-EERD-01241l0oDM FB 030 1994p18-EERD-01241r2018-04-14 00:00:00tEj.1w2018-04-14yBK 00102ddc40708DMaBEGEMbBEGEMcGENd2018-04-14i18-EERD-01242l0oDM FB 030 1994p18-EERD-01242r2018-04-14 00:00:00tEj.2w2018-04-14yBK